<?xml version="1.0" encoding="UTF-8"?>
<collection xmlns:xsi="http://www.w3.org/2001/XMLSchema-instance" xsi:schemaLocation="http://www.loc.gov/MARC21/slim http://www.loc.gov/standards/marcxml/schema/MARC21slim.xsd" xmlns="http://www.loc.gov/MARC21/slim">
 <record>
  <leader>00000ctm a22000004i 4500</leader>
  <controlfield tag="001">UP-99796217613117870</controlfield>
  <controlfield tag="003">Buklod</controlfield>
  <controlfield tag="005">20191008105208.0</controlfield>
  <controlfield tag="006">m    |o  d |      </controlfield>
  <controlfield tag="007">ta</controlfield>
  <controlfield tag="008">191008s2016    xx     d     r    |||| u|</controlfield>
  <datafield tag="035" ind1=" " ind2=" ">
   <subfield code="a">(iLib)UPD-00414265674</subfield>
  </datafield>
  <datafield tag="040" ind1=" " ind2=" ">
   <subfield code="a">DARCHIVES</subfield>
   <subfield code="e">rda</subfield>
  </datafield>
  <datafield tag="041" ind1=" " ind2=" ">
   <subfield code="a">eng</subfield>
  </datafield>
  <datafield tag="042" ind1=" " ind2=" ">
   <subfield code="a">DMLUC</subfield>
  </datafield>
  <datafield tag="090" ind1=" " ind2=" ">
   <subfield code="a">LG 995 2016 M2</subfield>
   <subfield code="b">D53</subfield>
  </datafield>
  <datafield tag="100" ind1="1" ind2=" ">
   <subfield code="a">Diaz, Leomir A.</subfield>
   <subfield code="e">author.</subfield>
  </datafield>
  <datafield tag="245" ind1="1" ind2="0">
   <subfield code="a">Influence of thermal stress on a coral-associated bacterial community</subfield>
   <subfield code="c">Leomir A. Diaz ; Ma. Cecilia G. Conaco, adviser.</subfield>
  </datafield>
  <datafield tag="264" ind1=" " ind2="1">
   <subfield code="a">Quezon City</subfield>
   <subfield code="b">Marine  Science Institute, College of Science, University of the Philippines Diliman</subfield>
   <subfield code="c">2016.</subfield>
  </datafield>
  <datafield tag="300" ind1=" " ind2=" ">
   <subfield code="a">xiii, 59 leaves</subfield>
   <subfield code="b">illustrations</subfield>
   <subfield code="c">28 cm.</subfield>
  </datafield>
  <datafield tag="336" ind1=" " ind2=" ">
   <subfield code="a">text</subfield>
   <subfield code="2">rdacontent</subfield>
  </datafield>
  <datafield tag="337" ind1=" " ind2=" ">
   <subfield code="a">unmediated</subfield>
   <subfield code="2">rdamedia</subfield>
  </datafield>
  <datafield tag="338" ind1=" " ind2=" ">
   <subfield code="a">volume</subfield>
   <subfield code="2">rdacarrier</subfield>
  </datafield>
  <datafield tag="502" ind1=" " ind2=" ">
   <subfield code="a">Thesis (M.S. Marine Science)--University of the Philippines Diliman</subfield>
   <subfield code="d">February 2016.</subfield>
  </datafield>
  <datafield tag="520" ind1="3" ind2=" ">
   <subfield code="a">The coral holobiont includes the coral animal, its dinoflagellate symbionts, and its associated microbial community. Symbionts complement the host enome by providing metabolic precursors that the coral itself cannot synthesize. In exchange, the host provides its sybionts with material that they can catabolize and feed into their own biosynthetic pathways. The inability to maintain these symbiotic interactions when challenged by an environmental stressor, such as increased sea surface temperature, leads to a decline in coral health that is observed as a rise in the incidence of cora bleaching and coral disease.In this study, we examine the effect of elevated water temperature on the natural microbial community associated with the outer mucus layer and tissues of the coral, Acropora digitifera. Denaturing gradient gel electrophoresis and high-throughout sequencing of the 15S rRNA V4 hypervariable region revealed that prolonged exposure to high temperature causes a shift in the diversity of the coral microbial community. Notably, there is an increase in the population of bacteria ften found associated with diseased and stressed corals, such as Vibrionales in the mucus and alteromonadales in the tissue. In addition, we found that exposure elevated water temperature causes a change in the community of nitrogen fixing bacteria that are abundant in the coral mucus. These chages may correlat with shifts in the metabolic function of the coral holobiont and may have detrimental effects on the health and resilience of the coral.Taken together, our findings highlight the impac of elevated seawater temperatur on the bacterial composition and diversity in corals and the effects of this on holobiont metabolism.</subfield>
  </datafield>
  <datafield tag="650" ind1=" " ind2="0">
   <subfield code="a">Corals</subfield>
   <subfield code="x">Effect of stress on.</subfield>
  </datafield>
  <datafield tag="700" ind1="1" ind2=" ">
   <subfield code="a">Conaco, Ma. Cecilia G.</subfield>
   <subfield code="e">adviser.</subfield>
  </datafield>
  <datafield tag="905" ind1=" " ind2=" ">
   <subfield code="a">FI</subfield>
  </datafield>
  <datafield tag="852" ind1="0" ind2=" ">
   <subfield code="a">UPD</subfield>
   <subfield code="b">DARCHIVES</subfield>
   <subfield code="h">LG 995 2016 M2</subfield>
   <subfield code="i">D53</subfield>
  </datafield>
  <datafield tag="942" ind1=" " ind2=" ">
   <subfield code="a">Thesis</subfield>
  </datafield>
 </record>
</collection>
